00604nam a22001937a 450000500170000001000130001702000260003003500130005603700160006904000120008508200130009724500570011026000340016727000890020130000230029065000350031365000420034870000200039020170124110117.0 aB-158551 c700.00a9788174531964 aB-158551 bCen Lib/Ret aDPLbEN a780bUNI aUniversal history of music /cedited by S. M. Tagore aDelhibSanjay Prakashanc2005 bDelhiaA4378/B, 209 J.M.D. House, Murari Lal Street, Ansari Road, Darya Ganje110002 av,354p. c21cm(Hb) aMusic -- History and criticism aMusic, Indic -- History and criticism a Tagore, S. M.